| 000 | 01340nam a2200265Ia 4500 | ||
|---|---|---|---|
| 001 | 19583 | ||
| 003 | GE_BSU | ||
| 008 | 181216s||||||||xx |||||||||||||| ||und|| | ||
| 020 | _a9789941040054 | ||
| 040 | _cGE_BSU | ||
| 080 | _a02 | ||
| 245 | _aსიტყვათშემოკლებანი ქართულ ბიბლიოგრაფიულ ჩანაწერებში | ||
| 245 | _bმეთოდურ-ინსტრუქციული წერილი ბიბლიოთეკევის დასახმარებლად | ||
| 245 | _cშემდგ. ნ. ქავთარაძე. რედ. გ. თაყნიაშვილი. მ.ზამბახიძე | ||
| 250 | _aმე-2 შევსებ.გამოც. | ||
| 260 | _aთბილისი | ||
| 260 | _c2012 | ||
| 300 | _a32გვ.ცხრ. | ||
| 541 | _h2ლ.75თ. | ||
| 653 | _aბიბლიოთეკარი | ||
| 653 | _aმეთოდურ-ინსტრუქციული წერილი ბიბლიოთეკევის დასახმარებლად | ||
| 653 | _aსიტყვათშემოკლებანი ქართულ ბიბლიოგრაფიულ ჩანაწერებში | ||
| 653 | _aქსეროქსი | ||
| 942 | _cBK | ||
| 999 |
_c52559 _d52559 |
||